000 00274nam a22001337a 4500
008 170227b xxu||||| |||| 00| 0 eng d
020 _a020109010
041 _aeng
080 _a577
100 _a5
101 _aSHMD
245 _aBIOCHEMISTRY
_cZUBAY, G
942 _2udc
_cBK
999 _c6321
_d6321